<?xml version="1.0" encoding="UTF-8"?><?xml-stylesheet type="text/xsl" href="static/style.xsl"?><OAI-PMH xmlns="http://www.openarchives.org/OAI/2.0/" xmlns:xsi="http://www.w3.org/2001/XMLSchema-instance" xsi:schemaLocation="http://www.openarchives.org/OAI/2.0/ http://www.openarchives.org/OAI/2.0/OAI-PMH.xsd"><responseDate>2026-04-18T03:50:26Z</responseDate><request verb="GetRecord" identifier="oai:www.recercat.cat:20.500.12327/3490" metadataPrefix="marc">https://recercat.cat/oai/request</request><GetRecord><record><header><identifier>oai:recercat.cat:20.500.12327/3490</identifier><datestamp>2025-10-22T11:15:22Z</datestamp><setSpec>com_2072_4428</setSpec><setSpec>com_2072_4427</setSpec><setSpec>col_2072_487898</setSpec></header><metadata><record xmlns="http://www.loc.gov/MARC21/slim" xmlns:dcterms="http://purl.org/dc/terms/" xmlns:xsi="http://www.w3.org/2001/XMLSchema-instance" xmlns:doc="http://www.lyncode.com/xoai" xsi:schemaLocation="http://www.loc.gov/MARC21/slim http://www.loc.gov/standards/marcxml/schema/MARC21slim.xsd">
   <leader>00925njm 22002777a 4500</leader>
   <datafield ind2=" " ind1=" " tag="042">
      <subfield code="a">dc</subfield>
   </datafield>
   <datafield ind2=" " ind1=" " tag="720">
      <subfield code="a">Miranda, Marcela</subfield>
      <subfield code="e">author</subfield>
   </datafield>
   <datafield ind2=" " ind1=" " tag="720">
      <subfield code="a">Bai, Jinhe</subfield>
      <subfield code="e">author</subfield>
   </datafield>
   <datafield ind2=" " ind1=" " tag="720">
      <subfield code="a">Pilon, Lucimeire</subfield>
      <subfield code="e">author</subfield>
   </datafield>
   <datafield ind2=" " ind1=" " tag="720">
      <subfield code="a">Torres, Rosario</subfield>
      <subfield code="e">author</subfield>
   </datafield>
   <datafield ind2=" " ind1=" " tag="720">
      <subfield code="a">Casals, Carla</subfield>
      <subfield code="e">author</subfield>
   </datafield>
   <datafield ind2=" " ind1=" " tag="720">
      <subfield code="a">Bover-Cid, Sara</subfield>
      <subfield code="e">author</subfield>
   </datafield>
   <datafield ind2=" " ind1=" " tag="720">
      <subfield code="a">Teixidó, Neus</subfield>
      <subfield code="e">author</subfield>
   </datafield>
   <datafield ind2=" " ind1=" " tag="260">
      <subfield code="c">2024-09-20</subfield>
   </datafield>
   <datafield ind2=" " ind1=" " tag="520">
      <subfield code="a">Challenges in global food supply chains include preserving postharvest quality and&#xd;
extending the shelf life of fruits and vegetables. The utilization of edible coatings (ECs) combined&#xd;
with biocontrol agents (BCAs) represents a promising strategy to enhance the postharvest quality&#xd;
and shelf life of these commodities. This review analyzes the most recent developments in EC&#xd;
technologies and their combination with BCAs, highlighting their synergistic effects on postharvest&#xd;
pathogen control and quality maintenance. Various types of ECs, including polysaccharides, proteins,&#xd;
and lipids, are discussed alongside coating fundamentals and the mechanisms through which BCAs&#xd;
contribute to pathogen suppression. The review also highlights the efficacy of these combined&#xd;
approaches in maintaining the physicochemical properties, sensory attributes, and nutritional value&#xd;
of fruits. Key challenges such as regulatory requirements, consumer acceptance, and the scalability of&#xd;
these technologies are addressed. Future research directions are proposed to optimize formulations,&#xd;
improve application techniques, and enhance the overall efficacy of these biocomposite coatings&#xd;
and multifunctional coatings. By synthesizing current knowledge and identifying gaps, this review&#xd;
provides a comprehensive understanding of the potential and limitations of using ECs and BCAs for&#xd;
sustainable postharvest management.</subfield>
   </datafield>
   <datafield ind1="8" ind2=" " tag="024">
      <subfield code="a">Miranda, Marcela, Jinhe Bai, Lucimeire Pilon, Rosario Torres, Carla Casals, Cristina Solsona, and Neus Teixidó. 2024. “Fundamentals of Edible Coatings and Combination with Biocontrol Agents: A Strategy to Improve Postharvest Fruit Preservation.” Foods 13 (18): 2980–80. https://doi.org/10.3390/foods13182980.  ‌</subfield>
   </datafield>
   <datafield ind1="8" ind2=" " tag="024">
      <subfield code="a">2304-8158</subfield>
   </datafield>
   <datafield ind1="8" ind2=" " tag="024">
      <subfield code="a">http://hdl.handle.net/20.500.12327/3490</subfield>
   </datafield>
   <datafield ind1="8" ind2=" " tag="024">
      <subfield code="a">https://doi.org/10.3390/foods13182980</subfield>
   </datafield>
   <datafield ind2="0" ind1="0" tag="245">
      <subfield code="a">Fundamentals of Edible Coatings and Combination with Biocontrol Agents: A Strategy to Improve Postharvest Fruit Preservation</subfield>
   </datafield>
</record></metadata></record></GetRecord></OAI-PMH>